| 000 | 00778cam a2200217 a 4500 | ||
|---|---|---|---|
| 001 | 4364084 | ||
| 005 | 20180312055329.0 | ||
| 008 | 900110s1990 caua 001 0 eng | ||
| 010 | _a 90080073 | ||
| 020 | _a0897212177 | ||
| 040 |
_aDLC _cDLC |
||
| 041 | _aeng | ||
| 080 | _a635.933372 RAX | ||
| 082 | 0 | 0 |
_a635.933372 RAX _220 |
| 100 | 1 | _a9. | |
| 101 | _aMJE | ||
| 245 | 1 | 0 |
_aAll about roses / _ccreated and designed by the editorial staff of Ortho Books ; project editor, Susan Lang ; writers, Rex Wolfe [sic], James McNair ; illustrator, Ron Hildebrand. |
| 906 |
_a7 _bcbc _corignew _d2 _eopcn _f19 _gy-gencatlg |
||
| 942 |
_2ddc _cBK |
||
| 999 |
_c44699 _d44699 |
||